| 000 | nam a22 7a 4500 | ||
|---|---|---|---|
| 999 |
_c234532 _d234532 |
||
| 003 | Nust | ||
| 005 | 20170322111713.0 | ||
| 008 | 170322b xxu||||| |||| 00| 0 eng d | ||
| 020 | _a978-81-89473-28-0 | ||
| 040 | _cASAB | ||
| 082 | _a628 | ||
| 245 |
_aagriculture and food security _cby Archana Ruhela |
||
| 260 |
_aJaipur, india _bOxford Book company _cc2008 |
||
| 300 | _a278 p | ||
| 942 |
_2ddc _cBK |
||